00668nam a2200229Ia 450000100060000000300090000600800410001504000130005604000130006904100120008210000170009410000290011124500200014024500550016025000110021526000200022626000180024626000490026430000590031365000350037265000310040722877IT-RoPAU130308s9999 xx 000 0 und d aIT-RoPAU cIT-RoPAU aINGLESE aWeeks Edward gCodice Aut. SPICS: 28637 aHow Big Is One? bProblems And Controversies in television And Radio a1a ed. aP.A./CALIFORNIA bPacific Books c1968 [1° Ed.:1968 - Ed.Ling.Originale:1968] a"10 p. (prefazione: no ; testo: 10 [pagine: 233-242])" aSAGGI DI COMUNICAZIONE SOCIALE eCodice materia Spics: 3807